[Event "AUTO-MASTER-385"]
[Site "http://www.queenalice.com/game.php?id=275455"]
[Date "2007.9.22"]
[Round "1"]
[White "Ribar"]
[Black "LeAnDrU"]
[Result "0-1"]
[WhiteElo "1924"]
[BlackElo "1967"]

1. d4 d5 2. Bf4 Nf6 3. Nf3 c5 4. e3 Qb6 5. Qc1 Bf5 6. Be2 Nc6 7. c3 cxd4 8. exd4
Rc8 9. Be3 Nb4 10. Na3 Nd3+ 11. Bxd3 Bxd3 12. Ne5 Ba6 13. Nb1 e6 14. f3 Bd6 15.
Qd2 Qc7 16. f4 Ne4 17. Qc1 f6 18. Nf3 Qc4 19. Qd1 Qb5 20. Qc2 O-O 21. Kd1 Qa5
22. Nbd2 Nxc3+ 23. bxc3 Rxc3 24. Nb3 Qb4 25. Bd2 Be2+ 26. Ke1 Rxc2 27. Bxb4
Bxb4+ 28. Kf2 Bb5+ 29. Kg3 Rfc8 30. Rac1 Bd6 31. Rxc2 Rxc2 32. Re1 g5 33. Rxe6
Bxf4+ 34. Kg4 Bd7 35. Nc5 Bxe6+ 36. Nxe6 Rxg2+ 37. Kh3 Rf2 0-1

[Event "AUTO-MASTER-391"]
[Site "http://www.queenalice.com/game.php?id=281357"]
[Date "2007.10.5"]
[Round "1"]
[White "alexsoncini"]
[Black "LeAnDrU"]
[Result "1-0"]
[WhiteElo "2044"]
[BlackElo "1977"]

1. e4 e5 2. Nf3 Nc6 3. Bb5 Bc5 4. O-O Nge7 5. c3 Bb6 6. d4 exd4 7. cxd4 d5 8.
Bxc6+ Nxc6 9. e5 Bg4 10. Be3 Bxf3 11. gxf3 Qh4 12. f4 O-O-O 13. Nc3 Rhe8 14. Kh1
Ba5 15. Rg1 Bxc3 16. bxc3 Rg8 17. Qg4+ Qxg4 18. Rxg4 Ne7 19. h4 Nf5 20. h5 Rde8
21. Kg2 Nxe3+ 22. fxe3 Re6 23. Kf3 Rh6 24. Rh4 f5 25. Rhh1 Rc6 26. Rac1 Ra6 27.
Rc2 Kb8 28. Ke2 Re6 29. c4 Rc6 30. Kd3 dxc4+ 31. Rxc4 Ra6 32. a4 Rd8 33. e4
fxe4+ 34. Kxe4 Rh6 35. f5 Rd7 36. e6 Re7 37. d5 a6 38. Ke5 b6 39. d6 cxd6+ 40.
Kxd6 Rb7 41. Ke5 b5 42. axb5 Rxb5+ 43. Kf4 1-0

[Event "AUTO-MASTER-391"]
[Site "http://www.queenalice.com/game.php?id=281358"]
[Date "2007.10.5"]
[Round "1"]
[White "LeAnDrU"]
[Black "alexsoncini"]
[Result "0-1"]
[WhiteElo "1991"]
[BlackElo "2030"]

1. e4 e5 2. Nf3 d6 3. d4 Nd7 4. Bc4 Be7 5. dxe5 Nxe5 6. Nxe5 dxe5 7. Qh5 Be6 8.
Bxe6 g6 9. Qxe5 Bf6 10. Qb5+ c6 11. Qxb7 fxe6 12. Qxc6+ Kf7 13. Na3 Ne7 14. Qa4
Qb6 15. Nc4 Qc6 16. Qxc6 Nxc6 17. c3 Rhd8 18. Bf4 e5 19. Bd2 Rab8 20. Rc1 Ne7
21. Ke2 Rbc8 22. b3 Ke6 23. Rhd1 g5 24. Be3 Ng6 25. Bxa7 Ra8 26. Rxd8 Bxd8 27.
Rd1 Bc7 28. Be3 Rxa2+ 29. Kf1 h6 30. f3 Rc2 31. Ra1 Bd8 32. Ra6+ Kf7 33. Nd6+
Kg7 34. Nf5+ Kf7 35. Nxh6+ Kg7 36. Nf5+ Kf7 37. Nd6+ Kg7 38. Ra7+ Kf6 39. Nf7
Be7 40. Nh6 Rxc3 41. Ng4+ Ke6 0-1

[Event "AUTO-MASTER-391"]
[Site "http://www.queenalice.com/game.php?id=281375"]
[Date "2007.10.5"]
[Round "1"]
[White "LeAnDrU"]
[Black "Pinone"]
[Result "0-1"]
[WhiteElo "2004"]
[BlackElo "2265"]

1. e4 e6 2. d4 d5 3. Nd2 Nf6 4. e5 Nfd7 5. Bd3 c5 6. c3 Nc6 7. Ne2 cxd4 8. cxd4
f6 9. exf6 Qxf6 10. Nf3 h6 11. O-O Bd6 12. Bb5 O-O 13. Bxc6 bxc6 14. Qa4 Bb7 15.
Be3 e5 16. dxe5 Nxe5 17. Nxe5 Qxe5 18. Qb3 Qxh2# 0-1

[Event "AUTO-MASTER-391"]
[Site "http://www.queenalice.com/game.php?id=281376"]
[Date "2007.10.5"]
[Round "1"]
[White "Pinone"]
[Black "LeAnDrU"]
[Result "1-0"]
[WhiteElo "2299"]
[BlackElo "1953"]

1. d4 d5 2. c4 dxc4 3. e4 e5 4. Nf3 exd4 5. Qxd4 Qxd4 6. Nxd4 Bc5 7. Be3 Bb4+ 8.
Nc3 Bxc3+ 9. bxc3 a6 10. Bxc4 Ne7 11. a4 Nd7 12. Nf3 Ng6 13. O-O-O O-O 14. Rhe1
Nde5 15. Nxe5 Nxe5 16. Be2 Be6 17. f4 Ng4 18. Bc5 Rfe8 19. f5 Bb3 20. Bxg4 Bxd1
21. Bxd1 Rad8 22. e5 b6 23. Ba3 f6 24. Bb3+ Kh8 25. e6 c5 26. a5 c4 27. Bxc4 b5
28. Bb3 Rc8 29. e7 Rxc3+ 30. Kb2 Rxb3+ 31. Kxb3 Kg8 32. Re6 Kf7 33. Rxa6 Rc8 34.
Rb6 Re8 35. Rxb5 Ra8 36. Rd5 1-0

[Event "AUTO-MASTER-391"]
[Site "http://www.queenalice.com/game.php?id=281377"]
[Date "2007.10.5"]
[Round "1"]
[White "LeAnDrU"]
[Black "guzanito"]
[Result "1-0"]
[WhiteElo "1951"]
[BlackElo "2084"]

1. e4 e5 2. Nf3 Nc6 3. Bb5 Nd4 4. Nxd4 exd4 5. O-O Bc5 6. d3 Ne7 7. Qh5 Bb6 8.
Bg5 O-O 9. Na3 f6 10. Bc4+ Kh8 11. Bf4 Ng6 12. Bd2 c6 13. Bb3 Bc7 14. Qc5 Bf4
15. Bxf4 Nxf4 16. Qd6 Ne6 17. f4 Qc7 18. Nc4 Qxd6 19. Nxd6 Nc5 20. Rae1 Nxb3 21.
axb3 b6 22. b4 Ba6 23. Nf5 Kg8 24. Nxd4 Bb7 25. Nf5 a5 26. Nd6 Rfb8 27. Nxb7
Rxb7 28. bxa5 Rxa5 29. e5 fxe5 30. fxe5 Rb8 31. e6 d5 32. Rf7 Re8 33. Ref1 Raa8
34. e7 g6 35. Kh1 Rac8 36. Kg1 c5 37. R1f6 b5 38. Kh1 Ra8 39. Rf1 d4 40. Kg1 c4
41. R1f6 Rac8 42. Kf2 b4 43. dxc4 Rxc4 44. Rf8+ Kg7 45. R6f7+ Kh6 46. Rxe8 Rxc2+
47. Kf1 d3 48. Rd8 1-0

[Event "AUTO-MASTER-391"]
[Site "http://www.queenalice.com/game.php?id=281378"]
[Date "2007.10.5"]
[Round "1"]
[White "guzanito"]
[Black "LeAnDrU"]
[Result "0-1"]
[WhiteElo "2063"]
[BlackElo "1958"]

1. e4 e5 2. Nf3 Nc6 3. Bc4 Nf6 4. Ng5 d5 5. exd5 Na5 6. Bb5+ c6 7. dxc6 bxc6 8.
Be2 h6 9. Nf3 e4 10. Ne5 Bd6 11. f4 Qe7 12. d4 exd3 13. Nxd3 Bg4 14. Nc3 Ne4 15.
Nxe4 Qxe4 16. Kf2 Bxe2 17. Qxe2 Qxe2+ 18. Kxe2 O-O 19. b3 Rfe8+ 20. Kf2 Bc7 21.
Be3 Bb6 22. Bxb6 axb6 23. Rhe1 c5 24. Rxe8+ Rxe8 25. Re1 Rd8 26. Ne5 b5 27. Re4
Nb7 28. Nc6 Ra8 29. a4 Nd6 30. Re7 bxa4 31. bxa4 Rxa4 32. Rd7 Rxf4+ 33. Kg3 Rf6
34. Ne7+ Kf8 35. Nd5 Ne4+ 36. Kh3 Rd6 37. Rxd6 Nxd6 38. Kg4 Ke8 39. Kf4 Kd7 40.
g4 Nc4 41. h4 Kd6 42. Nc3 Na3 43. Ne4+ Kc6 44. c3 Kd5 45. h5 Nc4 46. Nf2 Nd6 47.
Nd3 Ne4 48. c4+ Kd4 49. Ne5 Ng5 50. Kf5 Kc3 51. Kf4 f6 52. Nd7 Kxc4 53. Kf5 Kb5
54. Kf4 Ne6+ 55. Kf5 c4 56. Ke4 Kc6 57. Nb8+ Kb7 58. Nd7 Kc7 0-1

[Event "Bora joga tchÊ !"]
[Site "http://www.queenalice.com/game.php?id=289235"]
[Date "2007.10.19"]
[Round "-"]
[White "LeAnDrU"]
[Black "Tiagoviegas"]
[Result "1/2-1/2"]
[WhiteElo "1972"]
[BlackElo "1508"]

1. e4 e5 2. Nf3 Nc6 3. Bc4 Nf6 4. d3 d6 5. Ng5 Be6 6. Nxe6 fxe6 7. Bxe6 Qe7 8.
Bc4 h6 9. Nc3 a6 10. Nd5 Nxd5 11. Bxd5 Na5 12. Qd2 c6 13. Qxa5 cxd5 14. Qxd5 Qc7
15. c3 Qf7 16. Qxf7+ Kxf7 17. O-O Be7 18. f4 Ke6 19. f5+ Kd7 20. Be3 Bg5 21.
Bxg5 hxg5 22. b4 Rh6 23. Rf3 Rah8 24. h3 Rh4 25. Kf2 Rc8 26. c4 Kc6 27. a4 b6
28. a5 Rb8 29. axb6 Rxb6 30. f6 gxf6 31. Rxf6 Rf4+ 32. Rxf4 gxf4 33. h4 Kd7 34.
h5 Ke7 35. h6 Kf7 36. g3 Kg6 37. gxf4 exf4 38. Kf3 Kxh6 39. Kxf4 Kg6 40. Rg1+
Kf6 1/2-1/2

[Event "Bora joga tchÊ ! O retorno"]
[Site "http://www.queenalice.com/game.php?id=292553"]
[Date "2007.10.25"]
[Round "-"]
[White "LeAnDrU"]
[Black "Tiagoviegas"]
[Result "1-0"]
[WhiteElo "1998"]
[BlackElo "1612"]

1. e4 e5 2. Nf3 Qf6 3. d4 Nc6 4. dxe5 Nxe5 5. Be2 Bc5 6. Qd5 d6 7. O-O c6 8. Qd2
Qg6 9. Nh4 Qf6 10. Nf5 Bxf5 11. exf5 Qxf5 12. Bd3 Qg4 13. h3 Nf3+ 14. Kh1 Nxd2
15. Re1+ Qe6 16. Rxe6+ fxe6 17. Bxd2 Bxf2 18. Nc3 Nf6 19. Rf1 Bg3 20. Ne4 O-O
21. Nxg3 e5 22. Bb4 c5 23. Bc3 a6 24. Ne4 Nxe4 25. Rxf8+ Rxf8 26. Bxe4 b6 27.
Bd5+ Kh8 28. Bf3 Rf4 29. Bd2 Rd4 30. Bg5 e4 31. Be2 d5 32. c3 Ra4 33. a3 b5 34.
Be7 b4 35. Bd1 Ra5 36. cxb4 cxb4 37. Bxb4 Rb5 38. Be2 Rb6 39. Kh2 d4 40. Kg3 g5
41. Bc4 Rc6 42. Bd5 Rc8 43. Bxe4 Rd8 44. Bd3 h5 45. Bd2 Rd5 46. Be2 h4+ 47. Kg4
Kg7 48. Bxg5 d3 49. Bd1 Rd4+ 50. Kf3 Kg6 51. Bxh4 Rxh4 52. Ke3 Rh5 53. Bxh5+
Kxh5 54. Kxd3 Kh4 55. b4 Kg3 56. a4 Kxg2 57. h4 Kg3 58. h5 Kg4 59. h6 Kg5 60. h7
Kg6 61. h8=Q Kf5 62. b5 axb5 63. axb5 Ke6 64. b6 Kd7 65. b7 Kd6 66. b8=Q+ Kd5
67. Qhe5+ Kc6 68. Qed6# 1-0

[Event "são paulo"]
[Site "http://www.queenalice.com/game.php?id=293750"]
[Date "2007.10.27"]
[Round "-"]
[White "vsg_sampa"]
[Black "LeAnDrU"]
[Result "1-0"]
[WhiteElo "1864"]
[BlackElo "1951"]

1. e4 e5 2. Bc4 Nf6 3. Qf3 c6 4. a3 d5 5. exd5 cxd5 6. Bb5+ Bd7 7. Bxd7+ Qxd7 8.
d3 Nc6 9. Ne2 Bc5 10. Be3 Bxe3 11. Qxe3 Ng4 12. Qg5 O-O 13. h3 Nf6 14. Nd2 Rac8
15. Nb3 Ne7 16. Qd2 Qc7 17. O-O-O 1-0

[Event "AUTO-ADV-551"]
[Site "http://www.queenalice.com/game.php?id=299164"]
[Date "2007.11.6"]
[Round "2"]
[White "Jorac"]
[Black "LeAnDrU"]
[Result "1-0"]
[WhiteElo "1978"]
[BlackElo "1843"]

1. e4 e5 2. Nf3 Nc6 3. Bb5 Bc5 4. O-O Nf6 5. Nxe5 Nxe4 6. Qe2 Qe7 7. Bxc6 Nxf2
8. Rxf2 dxc6 9. Kf1 Bxf2 10. Kxf2 O-O 11. Nf3 Qxe2+ 12. Kxe2 Re8+ 13. Kf2 Bg4
14. Nc3 Bxf3 15. gxf3 Re7 16. d3 Rae8 17. Bf4 a6 18. Ne4 f5 19. Ng3 g6 20. Bg5
Re6 21. h4 h5 22. Bd2 Kh7 23. Bf4 R6e7 24. d4 1-0

[Event "AUTO-ADV-551"]
[Site "http://www.queenalice.com/game.php?id=299165"]
[Date "2007.11.6"]
[Round "2"]
[White "LeAnDrU"]
[Black "Jorac"]
[Result "0-1"]
[WhiteElo "1832"]
[BlackElo "1989"]

1. e4 c5 2. c3 d6 3. d4 cxd4 4. cxd4 Nf6 5. Nc3 e6 6. Nf3 Be7 7. Bd3 e5 8. dxe5
dxe5 9. Nxe5 O-O 10. O-O Nbd7 11. Nxd7 Bxd7 12. e5 Ne8 13. Nd5 Bc5 14. Bxh7+
Kxh7 15. Qc2+ g6 16. Qxc5 Rh8 17. Rd1 Kg7 18. Nf6 Nxf6 19. exf6+ Kg8 20. Qd6 Kh7
21. Qxd7 Qxf6 22. Qxb7 Rhd8 23. Rxd8 Rxd8 24. Be3 Qd6 25. g3 a5 0-1

[Event "AUTO-ADV-551"]
[Site "http://www.queenalice.com/game.php?id=299170"]
[Date "2007.11.6"]
[Round "2"]
[White "LeAnDrU"]
[Black "eliasdiniz"]
[Result "0-1"]
[WhiteElo "1857"]
[BlackElo "1898"]

1. e4 c5 2. c3 d5 3. exd5 Qxd5 4. Nf3 Nf6 5. d3 Bg4 6. Be2 Nc6 7. h3 Bxf3 8.
Bxf3 Qd7 9. Be3 e6 10. Bg5 Be7 11. Bf4 Nd5 12. Bd2 O-O 13. Na3 Rad8 14. Be2 a6
15. Qc2 e5 16. O-O-O b5 17. Rde1 Rc8 18. Qd1 b4 19. Nc4 bxc3 0-1

[Event "AUTO-ADV-551"]
[Site "http://www.queenalice.com/game.php?id=299171"]
[Date "2007.11.6"]
[Round "2"]
[White "eliasdiniz"]
[Black "LeAnDrU"]
[Result "0-1"]
[WhiteElo "1879"]
[BlackElo "1932"]

1. e4 e5 2. Nf3 Nc6 3. Bb5 Bc5 4. O-O Nge7 5. c3 Bb6 6. d4 exd4 7. cxd4 d5 8. e5
a6 9. Ba4 Bd7 10. Re1 Bg4 11. Be3 O-O 12. Na3 f6 13. exf6 Rxf6 14. Bc2 Bxf3 15.
gxf3 Nf5 16. Bxf5 Rxf5 17. Nc2 Qh4 18. f4 Ba5 0-1

[Event "Challenge"]
[Site "http://www.queenalice.com/game.php?id=319673"]
[Date "2007.12.13"]
[Round "-"]
[White "Uelinton"]
[Black "LeAnDrU"]
[Result "0-1"]
[WhiteElo "1633"]
[BlackElo "2000"]

1. e4 e5 2. Nf3 Nc6 3. Nc3 Nf6 4. a3 Bc5 5. h3 Qe7 6. Bc4 Nd4 7. Ng5 d5 8. exd5
Nxd5 9. Nxd5 Qxg5 10. O-O Bxh3 11. g3 Bxf1 12. Nxc7+ Kd8 13. Nxa8 Bxc4 14. d3
Qf6 15. dxc4 Kc8 16. Qg4+ Ne6 17. b4 Qxf2+ 18. Kh1 Qg1# 0-1

[Event "AUTO-OPEN-801"]
[Site "http://www.queenalice.com/game.php?id=320850"]
[Date "2007.12.16"]
[Round "2"]
[White "dante72"]
[Black "LeAnDrU"]
[Result "1-0"]
[WhiteElo "1872"]
[BlackElo "1922"]

1. d4 d5 2. c4 dxc4 3. Nc3 a6 4. Bf4 Nf6 5. e3 b5 6. Nf3 Bb7 7. Be2 c5 8. dxc5
Nbd7 9. O-O Nxc5 10. Qc2 Nh5 11. Ng5 Nxf4 12. exf4 Qc7 13. Nxf7 Kxf7 14. Qf5+
Ke8 15. Bh5+ 1-0

[Event "AUTO-OPEN-801"]
[Site "http://www.queenalice.com/game.php?id=320851"]
[Date "2007.12.16"]
[Round "2"]
[White "LeAnDrU"]
[Black "dante72"]
[Result "0-1"]
[WhiteElo "1904"]
[BlackElo "1890"]

1. e4 e5 2. Nf3 d6 3. d4 f6 4. dxe5 fxe5 5. Bc4 h6 6. Qd5 Ne7 7. Qf7+ Kd7 8.
Be6+ Kc6 9. Nc3 Bxe6 10. Qxe6 b5 11. Nxe5+ Kb7 12. Nf7 Qd7 13. Qxd7 Nxd7 14.
Nxh8 g5 0-1

[Event "AUTO-OPEN-801"]
[Site "http://www.queenalice.com/game.php?id=320861"]
[Date "2007.12.16"]
[Round "2"]
[White "salso"]
[Black "LeAnDrU"]
[Result "1-0"]
[WhiteElo "2066"]
[BlackElo "1946"]

1. d4 d5 2. c4 dxc4 3. Nf3 Nf6 4. e3 e6 5. Bxc4 c5 6. O-O a6 7. dxc5 Qxd1 8.
Rxd1 Bxc5 9. Bd2 b5 10. Bb3 Bb7 11. Bc3 Bxf3 12. gxf3 Nbd7 13. Nd2 O-O 14. Ne4
Nxe4 15. fxe4 Rfd8 16. Bd4 Rac8 17. Kg2 Bxd4 18. exd4 Nf6 19. d5 exd5 20. exd5
a5 21. a4 1-0

[Event "AUTO-ADV-549"]
[Site "http://www.queenalice.com/game.php?id=322491"]
[Date "2007.12.19"]
[Round "2"]
[White "THECRAZY"]
[Black "LeAnDrU"]
[Result "1-0"]
[WhiteElo "1893"]
[BlackElo "1887"]

1. d4 d5 2. c4 dxc4 3. e4 e5 4. d5 Bc5 5. Nc3 Qd6 6. Nf3 Nf6 7. Nb5 Qb6 8. a4
Bxf2+ 9. Ke2 Nxe4 10. Qc2 Bf5 11. Qxc4 c6 12. dxc6 Nxc6 13. Bg5 Nxg5 14. Nxg5
1-0

[Event "AUTO-ADV-549"]
[Site "http://www.queenalice.com/game.php?id=322492"]
[Date "2007.12.19"]
[Round "2"]
[White "LeAnDrU"]
[Black "THECRAZY"]
[Result "0-1"]
[WhiteElo "1871"]
[BlackElo "1909"]

1. e4 c5 2. d4 cxd4 3. Qxd4 Nc6 4. Qd3 d6 5. Qd1 Nf6 6. Nc3 e6 7. Nf3 Qb6 8. Bd3
Ng4 9. O-O h5 10. h3 Nge5 11. Nxe5 Nxe5 12. Be3 Qxb2 13. Nb5 Nxd3 0-1